Organic Synthesis
This cover illustrates presented in chapter 10 and graphically, represents the synthetic theme of this book. There are four synthetic targets which include cortisone,...
Na minha lista:
| Autor principal: | |
|---|---|
| Formato: | Livro |
| Idioma: | Undetermined |
| Publicado em: |
New York
McGraw-Hill
1994
|
| Assuntos: | |
| Tags: |
Adicionar Tag
Sem tags, seja o primeiro a adicionar uma tag!
|
| Thư viện lưu trữ: | Trung tâm Học liệu Trường Đại học Cần Thơ |
|---|
| LEADER | 00738nam a2200217Ia 4500 | ||
|---|---|---|---|
| 001 | CTU_140203 | ||
| 008 | 210402s9999 xx 000 0 und d | ||
| 020 | |c 437.9 | ||
| 082 | |a 547.2 | ||
| 082 | |b S655 | ||
| 100 | |a Smith, Michael | ||
| 245 | 0 | |a Organic Synthesis | |
| 245 | 0 | |c Michael B. Smith | |
| 260 | |a New York | ||
| 260 | |b McGraw-Hill | ||
| 260 | |c 1994 | ||
| 520 | |a This cover illustrates presented in chapter 10 and graphically, represents the synthetic theme of this book. There are four synthetic targets which include cortisone,... | ||
| 650 | |a Hóa học hữu cơ,Organic compounds | ||
| 650 | |x Hóa tổng hợp,Synthesis | ||
| 904 | |i Năm | ||
| 980 | |a Trung tâm Học liệu Trường Đại học Cần Thơ | ||